000 00663nam a22002177a 4500
003 UA-OsUOA
001 101137
007 ta
008 20130605b un ||||| |||| 00| 0 ukr d
100 _aДмитриева О.
090 _a330
_bД53
942 _cSA
040 _aUA-OsUOA
_brus
_cUA-OsUOA
_dUA-OsUOA
245 _aДеформация бюджетной политики и управления долгом вследствие формирования стабилизационных фондов
300 _aС.20-33
955 _a0
041 _arus
080 _a330
773 0 _w101136
650 7 _a330 Економіка взагалі
_2UDC
999 _c387386
_d387386